[Event "World Junior U20 Open 2018"]
[Site "Gebze"]
[Date "2018.09.10"]
[Round "6.19"]
[White "Thybo, Jesper Sondergaard"]
[Black "Kamer, Kayra"]
[Result "1-0"]
[WhiteElo "2499"]
[BlackElo "2205"]
[Annotator "TA"]
[PlyCount "69"]
[EventDate "2018.09.05"]
[EventType "swiss"]
[EventCountry "TUR"]
[SourceTitle "playchess.com"]
[Source "ChessBase"]
[SourceQuality "1"]

{[%evp 19,69,67,67,57,60,28,50,45,73,85,90,4,26,19,13,9,8,21,77,74,61,49,71,37,53,37,289,109,114,4,302,244,385,376,365,328,5289,5289,5189,2182,5325,5322,29983,0,29984,29985,29987,29988,29990,29991,29995,29996]} 1. d4 Nf6 2. c4 g6 3. Nc3 Bg7 4. e4 d6 5. Nf3 O-O 6. Be2 Bg4 7. Be3 Nfd7 8. O-O c5 9. d5 Na6 10. Qd2 {E91: King's Indian: Classical: 6 Be2, unusual replies including 6...c5 and 6...Bg4} (10. h3 Bxf3 11. Bxf3 Nc7 12. Be2 a6 13. a4 Re8 14. Qd2 e6 15. Rfe1 exd5 16. exd5 f5 17. a5 Rb8 18. Bd1 b5 19. axb6 Nxb6 20. Be2 Bf8 {½-½ (20) Eljanov,P (2678)-Chadaev,N (2582) Moscow 2013}) 10... Re8 {LiveBook: 19 Games} 11. a3 Nc7 12. b4 {White is slightly better.} Bxf3 $146 ({Predecessor:} 12... b6 13. Rab1 e6 14. Bg5 Qc8 15. dxe6 Rxe6 16. h3 Bxf3 17. Bxf3 h5 {1-0 (48) Mankeyev,R (2344)-Vovk,A (2339) Olomouc 2005}) 13. Bxf3 cxb4 14. axb4 Na6 15. Nb5 ({White should play} 15. Rab1 $16) 15... Bxa1 $11 16. Rxa1 Nc7 17. Nxa7 Qb8 18. Qc3 b6 (18... b5 $11) 19. Nc6 $16 Rxa1+ 20. Qxa1 Qa8 21. Qb2 Qa4 22. h4 $36 {[%mdl 2048] White has good play.} Nb8 $2 {[%mdl 8192] [#]} (22... e5 $14) 23. e5 $2 ({Inferior is} 23. Bxb6 Nxc6 24. dxc6 Qxc6 $17) (23. Bh6 f6 $16) (23. Nxe7+ $1 $18 {and the rest is easy.} Rxe7 24. Qf6) 23... Nxc6 24. exd6 (24. dxc6 $16 {And now exd6 would win.} d5 25. cxd5 (25. Bxd5 Qd1+ 26. Kh2 Nxd5 $14) 25... Nxd5 26. Bxd5 Qd1+ 27. Kh2 Qxd5 28. b5) 24... exd6 $2 {[%mdl 8192]} (24... Qxb4 $11 25. Qxb4 Nxb4 26. dxc7 Rc8) 25. dxc6 $18 b5 (25... Rb8 {was worth a try.} 26. Qf6 Ne8) 26. Qf6 {Strongly threatening Bd4.} ({Less strong is} 26. cxb5 Qxb5 27. Qd4 Qe5 $16) 26... Rxe3 27. fxe3 Qxb4 $2 {[#]} (27... bxc4 28. Qd8+ Kg7) 28. Bd5 Nxd5 29. cxd5 {[%mdl 4096] Endgame KQ-KQ} Qc5 30. Kh2 b4 31. Qd8+ Kg7 32. c7 {White mates.} Qxe3 33. c8=Q Qf4+ 34. Kh3 Qe3+ 35. g3 {Precision: White = 60%, Black = 32%.} 1-0

[Event "World Junior U20 Open 2018"]
[Site "Gebze"]
[Date "2018.09.10"]
[Round "6.20"]
[White "Martirosyan, Haik M"]
[Black "Muradli, Mahammad"]
[Result "0-1"]
[WhiteElo "2597"]
[BlackElo "2407"]
[Annotator "TA"]
[PlyCount "108"]
[EventDate "2018.09.05"]
[EventType "swiss"]
[EventCountry "TUR"]
[SourceTitle "playchess.com"]
[Source "ChessBase"]
[SourceQuality "1"]

{[%evp 21,108,2,10,6,10,0,0,0,0,4,10,16,34,37,38,40,45,37,68,63,58,22,33,25,21,0,0,0,18,0,22,0,0,0,0,8,3,0,0,0,0,0,13,0,0,-160,-160,-334,-185,-179,-179,-478,-471,-466,-460,-1308,-1260,-1056,-1001,-895,-100,-1488,-1352,-1214,-1177,-29975,-12811,-12812,-12814,-12816,-12812,-12817,-12797,-12804,-12807,-12829,-12831,-12702,-12760,-11802,-6456,-10952,-9097,-6427,-6420,-6420,-6420,-6159,-6191]} 1. d4 {Marin,M} d5 2. c4 e6 3. Nc3 Be7 4. Nf3 Nf6 5. Bg5 h6 6. Bxf6 Bxf6 7. Rc1 O-O 8. e3 c6 9. Bd3 Nd7 10. O-O dxc4 11. Bxc4 e5 12. d5 {D55: Queen's Gambit Declined: 4 Bg5 Be7: Lines without ...h6 and 6...h6 7 Bxf6} Nb6 13. b3 Bf5 14. dxc6 {The position is equal.} bxc6 15. e4 Bg4 16. Be2 Bxf3 17. Bxf3 {[#]} Qe7 $146 ({Predecessor:} 17... Be7 18. Qc2 Bb4 19. Bg4 Ba3 {½-½ (77) Kramnik,V (2785)-Radjabov,T (2744) Kazan 2011 CBM 143 [Marin,M]}) 18. Qe2 Rfd8 19. Nd1 Rd6 20. Ne3 {Hoping for Nf5.} g6 21. Rc2 Rad8 22. g3 Bg5 23. Kg2 h5 24. h4 Bh6 $1 25. Rb1 Qe6 26. a4 Rd3 {[#]} 27. Nd5 $1 {[%mdl 512]} Nxd5 (27... Rxf3 $2 28. Rxc6 Rxg3+ 29. fxg3 $18) 28. exd5 (28. Qxd3 $2 {is the wrong capture.} Nf4+ $1 {[%mdl 512]} 29. gxf4 Rxd3 $19) 28... R8xd5 29. Bxd5 Qxd5+ 30. Kh2 e4 $1 {[%cal Be5e4,Be4e3][%mdl 32]} 31. b4 a6 32. Rc5 Qd4 $1 {Strongly threatening ...Rd2.} 33. Rb2 $2 {[#]} (33. Rxc6 $2 Rd2 $19) (33. Qb2 $11 Qd7 34. b5 cxb5 35. axb5) 33... e3 $1 $17 {White must now prevent ...Rd2.} 34. fxe3 $2 (34. Rxc6 $2 Rd2 $19) (34. Rcc2 $17) 34... Bxe3 (34... Rxe3 $142 35. Qf2 Qg4) 35. Rbc2 $19 {[#]} Bf4 $1 $36 {[%mdl 2560] Keeping White busy.} 36. R5c4 $2 ({Not} 36. gxf4 $2 Qxf4+ 37. Kg1 Qg3+ 38. Kf1 Rf3+ 39. Qxf3 Qxf3+ 40. Kg1 Qg4+ 41. Kf1 Qxh4 $19) (36. Qxd3 Qxd3 37. gxf4) 36... Bxg3+ 37. Kg2 Qd7 38. Qe4 {[#]} (38. Qxd3 $142 Qxd3 39. R4c3) 38... Be5 $1 {[%mdl 512]} 39. Kf1 (39. Qxe5 Qh3+) 39... Qh3+ 40. Ke2 Rd5 $2 (40... Rg3 $19 {and Black stays clearly on top.} 41. Kd1 Rg1+ 42. Kd2 Qd7+ 43. Ke3 Qd1) 41. Rxc6 $2 {[%mdl 8192]} (41. Qf3 $17 Bg3 42. Rc5) 41... Qh2+ 42. Ke3 Qg1+ 43. Ke2 Qd1+ (43... Rd1 $142 44. Rxg6+ fxg6 45. Rc8+ Kh7 46. Rc7+ Kh6 47. Qe3+ Qxe3+ 48. Kxe3 Bxc7 49. Kf2 Rd4 50. b5 Rxh4 51. a5 axb5 52. a6 Bb6+ 53. Ke2 Rd4 54. a7 Bxa7 55. Kf3 b4 56. Kg3 b3 57. Kg2 b2 58. Kg3 b1=Q 59. Kf3 Qf1+ 60. Ke3 Rd8+ 61. Ke4 Qf5#) 44. Kf2 {Black is clearly winning.} Bd4+ 45. Kg3 Re5 46. Rxg6+ Kh7 ({And not} 46... fxg6 47. Qxg6+ Kf8 48. Rc8+ Ke7 49. Rc7+ Kd8 50. Qd6+ Ke8 51. Qd7+ Kf8 52. Qf7#) 47. Rh6+ Kxh6 48. Qf4+ Kg7 49. Rg2 Re6 50. Kh3+ Rg6 51. Rxg6+ fxg6 52. Qc7+ Kh6 {( -> ...Qf1+)} 53. Qf4+ Kh7 54. Qc7+ Bg7 {Precision: White = 39%, Black = 56%.} 0-1

[Event "World Junior U20 Open 2018"]
[Site "Gebze"]
[Date "2018.09.10"]
[Round "6.21"]
[White "Lomasov, Semyon"]
[Black "Ozer, Omer Faruk"]
[Result "1-0"]
[WhiteElo "2545"]
[BlackElo "2388"]
[Annotator "TA"]
[PlyCount "77"]
[EventDate "2018.09.05"]
[EventType "swiss"]
[EventCountry "TUR"]
[SourceTitle "playchess.com"]
[Source "ChessBase"]
[SourceQuality "1"]

{[%evp 9,77,36,59,39,33,48,58,66,101,66,120,105,138,122,150,151,158,148,151,155,166,164,195,182,189,189,177,188,206,170,210,223,200,186,197,181,183,164,169,150,206,210,209,206,199,181,270,267,341,343,329,317,275,270,275,277,277,261,491,431,576,560,832,832,815,795,875,958,868,828]} 1. e4 g6 2. d4 Bg7 3. Nc3 a6 4. Be3 b5 5. h4 (5. Nf3 Bb7 6. Bd3 d6 7. e5 Nd7 8. e6 fxe6 9. Ng5 Nf8 10. O-O Nf6 11. Re1 h6 12. Nf3 g5 13. Bd2 Qd7 14. h3 Kf7 {0-1 (46) Moiseenko,A (2667)-Petrosian,T (2601) Riadh 2017}) 5... Bb7 6. Bd3 {B06: Modern Defence} h5 $146 ({Predecessor:} 6... d6 7. h5 Nd7 8. h6 Bf8 9. d5 c6 10. a4 b4 11. dxc6 Bxc6 12. Nd5 {1-0 (58) Petrov,M (2392)-Szymanski,R (2452) ICCF 2015}) 7. Nh3 Nh6 8. f3 {White is slightly better.} d6 9. Qd2 Nc6 (9... Nd7 $14) 10. Ne2 $16 e5 {[%cal Re5d4] [#]} 11. d5 $1 {[%cal Rd5c6]} Ne7 12. a4 bxa4 13. Ng5 c6 14. c4 (14. Rxa4 cxd5 15. exd5 Qd7 $15) 14... Bc8 15. Nc3 c5 16. O-O O-O 17. Rxa4 Bd7 18. Ra3 Qb8 19. Rb1 f5 20. Ne2 fxe4 21. Bxe4 Nhf5 22. Bf2 Qc7 23. Ne6 Bxe6 24. dxe6 {[%cal Bd5e6,Be6e7][%mdl 32]} Rab8 (24... Rad8 $16 25. b4 (25. Rxa6 Qc8 $16) 25... cxb4 26. Rxb4 a5) 25. Rxa6 $18 Qc8 26. Rxd6 $1 Nxd6 27. Qxd6 Nf5 (27... Bf6 {might work better.} 28. Nc3 (28. Qxc5 Qxe6 29. b3 Kh8 $16) 28... Rd8 29. Qxc5 Qxe6) 28. Bxf5 ({Don't take} 28. Qxc5 Qxc5 29. Bxc5 Rfe8 $18) 28... gxf5 29. e7 ({Don't go for} 29. Bxc5 $2 Rd8 $19) 29... Re8 30. Bxc5 Kf7 31. Nc3 Qe6 32. Qxe6+ Kxe6 33. Nd5 Kd7 $2 {[#]} (33... Rbc8) 34. b4 {White is clearly winning.} Kc6 35. Ne3 f4 36. Nf5 Bh8 37. Rd1 Ra8 38. Rd6+ Kb7 39. Re6 {Precision: White = 83%, Black = 44%.} 1-0

[Event "World Junior U20 Open 2018"]
[Site "Gebze"]
[Date "2018.09.10"]
[Round "6.22"]
[White "Lagunow, Raphael"]
[Black "Yakubboev, Nodirbek"]
[Result "1/2-1/2"]
[WhiteElo "2403"]
[BlackElo "2521"]
[Annotator "TA"]
[PlyCount "84"]
[EventDate "2018.09.05"]
[EventType "swiss"]
[EventCountry "TUR"]
[SourceTitle "playchess.com"]
[Source "ChessBase"]
[SourceQuality "1"]

{[%evp 32,84,37,43,70,46,47,39,106,106,105,98,106,95,95,103,135,33,42,40,34,12,62,0,33,0,29,29,51,42,57,36,45,45,56,59,56,43,53,0,0,0,45,0,14,14,24,20,21,24,44,23,58,63,60]} 1. Nf3 c5 2. g3 Nc6 3. Bg2 e5 4. c4 g6 5. Nc3 Bg7 6. Rb1 Nge7 7. O-O d6 8. d3 O-O 9. a3 a5 10. Bd2 h6 11. Ne1 Be6 12. Nd5 Rb8 13. Nc2 {A37: Symmetrical English vs ...g6: 4 Bg2 Bg7 5 Nf3} b5 14. b4 axb4 15. axb4 cxb4 16. Ncxb4 Nxb4 17. Bxb4 {LiveBook: 3 Games} Nc6 (17... Nf5 18. e3 Qd7 19. Qb3 bxc4 20. dxc4 Rb7 {½-½ (41) Jianu,V (2502)-Nisipeanu,L (2638) Brasov 2011}) 18. Ba3 bxc4 19. dxc4 {[#] Rxb8 is the strong threat.} Kh8 $146 (19... Rxb1 $1 $14 20. Qxb1 Qd7) ({Predecessor:} 19... Rxb1 20. Qxb1 Nd4 {1-0 (36) Drasko,M (2479)-Drenchev,P (2507) Belgrade 2010}) 20. Rxb8 $16 Qxb8 {[#]} 21. Nc3 $1 Nd4 22. e3 Bxc4 23. exd4 exd4 24. Ne4 (24. Ne2 $16) 24... Bxf1 $14 25. Bxf1 Rd8 26. Qf3 {[%mdl 1024] White has compensation.} Qc7 27. Bd3 (27. Qf4 $14) 27... d5 28. Nd2 Ra8 29. Nb1 Qd7 30. Kg2 Qe6 31. Qd1 h5 32. h4 Bf6 33. Bc1 Kg8 34. Nd2 Qc6 35. Bb2 (35. Nb3 $14) 35... Qb6 $11 36. Bc1 Qc6 $1 37. Bb2 Rb8 38. Ba1 Qc5 39. Nf3 Rb4 40. Ne1 Qb6 41. Qf3 Qe6 42. Nc2 Ra4 {Precision: White = 63%, Black = 36%.} 1/2-1/2

[Event "World Junior U20 Open 2018"]
[Site "Gebze"]
[Date "2018.09.10"]
[Round "6.23"]
[White "Percivaldi, Martin"]
[Black "Bellahcene, Bilel"]
[Result "1/2-1/2"]
[WhiteElo "2376"]
[BlackElo "2501"]
[Annotator "TA"]
[PlyCount "179"]
[EventDate "2018.09.05"]
[EventType "swiss"]
[EventCountry "TUR"]
[SourceTitle "playchess.com"]
[Source "ChessBase"]
[SourceQuality "1"]

{[%evp 15,179,36,36,29,27,18,38,37,28,15,21,22,43,23,49,20,52,21,13,4,34,0,57,33,45,39,86,60,68,75,63,62,51,42,81,52,50,52,56,47,77,39,35,18,34,16,14,0,16,0,0,-9,-9,-30,0,-8,-8,-16,-6,-5,0,-14,31,27,40,-10,10,0,0,0,0,0,35,40,30,20,22,35,124,122,252,202,306,214,297,337,661,656,706,710,745,647,627,622,592,560,555,232,207,211,389,374,464,470,464,448,480,447,408,379,420,430,409,408,418,428,439,489,480,485,472,464,460,449,440,425,535,386,415,434,427,426,413,412,408,406,331,0,347,194,195,198,526,511,5093,1045,748,537,1449,504,504,497,1289,8,8,0,80,0,0,0,0,0,0,0,0,0]} 1. Nf3 Nf6 2. b3 d5 3. Bb2 g6 4. e3 Bg7 5. c4 c6 6. Be2 O-O 7. O-O Bg4 8. d4 {A12: English Opening: 1...c6 with b3 by White} (8. d3 Nbd7 9. Nbd2 a5 10. a3 e6 11. h3 Bxf3 12. Nxf3 Ne8 13. d4 f5 14. b4 Nd6 15. Qc2 dxc4 16. Bxc4 Nxc4 17. Qxc4 {1-0 (74) Kryvoruchko,Y (2710)-Piorun,K (2609) Berlin 2015}) 8... Nbd7 {LiveBook: 4 Games} 9. cxd5 Nxd5 $146 ({Predecessor:} 9... cxd5 10. Nc3 Re8 11. h3 Bxf3 12. Bxf3 e6 13. Be2 a6 14. Qd3 Rc8 15. f4 Nb8 {1-0 (67) Popchev,M (2413)-Milovanovic,S (2222) Zajecar 2013}) 10. Nbd2 {[%cal Bb1d2,Bd2f3,Bf3e1,Be1d3,Bd3c5][%mdl 32] White has an edge.} a5 11. h3 Bxf3 12. Nxf3 Re8 13. Qc2 e6 14. Rfd1 f5 15. Ne1 N7f6 16. Nd3 Ne4 17. Bf1 g5 18. Nc5 Nd6 ({Black should try} 18... Nxc5 $11 19. Qxc5 Bf8) 19. e4 fxe4 20. Nxe4 Nf5 21. a3 h6 22. Rd2 Re7 23. Re1 Qf8 24. Rdd1 Nh4 25. Nc5 Qf7 26. Nd3 Qf5 27. Qe2 Rd8 28. Qe4 Qxe4 29. Rxe4 Nf6 30. Re2 Nf5 31. Nc5 Kf7 32. Ree1 Nd5 33. Rd2 b6 34. Na4 Red7 35. Rc1 Rd6 36. g3 {[%cal Bg2g3,Bg3g4][%mdl 32]} h5 37. Bg2 h4 38. Bxd5 exd5 39. g4 (39. Nxb6 hxg3 40. fxg3 Nxg3 $17) 39... Ne7 $1 40. Rd3 Rb8 41. Rc2 Ng6 42. Bc1 Bf6 43. Be3 Bd8 44. Rdc3 $36 {[%mdl 2048] Black is under pressure.} Rc8 45. b4 axb4 46. axb4 {[%cal Ba3b4,Bb4b5][%mdl 32]} Ke8 (46... Bf6 $14) 47. b5 $1 $16 Kd7 {[#]} (47... Nf4 $16 {keeps fighting.}) 48. Bxg5 $1 $18 {[%mdl 512]} Ra8 (48... Ne7 $142 49. Bxe7 Kxe7 50. bxc6 b5) (48... Bxg5 49. Nxb6+) 49. Bxd8 ({But not} 49. bxc6+ Kc7 $18) 49... Rxa4 50. Bxb6 cxb5 $2 (50... Rc4 51. Rxc4 dxc4) 51. Rc7+ Ke6 52. Bc5 Rda6 53. Re2+ Kf6 54. Re3 Kg5 55. Rh7 Nf4 56. Rf3 (56. Rg7+ $142 Kh6 57. Rf7) 56... Kg6 {Strongly threatening ...Ne2+.} 57. Rxh4 Rf6 $2 (57... Ne2+ 58. Kh2 Nxd4) 58. Kh2 Ne2 {[#]} 59. Rh6+ $1 {[%mdl 512]} Kxh6 60. Rxf6+ {[%mdl 4096] Endgame KRB-KRN} Kg7 61. Rb6 Nc3 62. Kg3 Ne4+ 63. Kh4 Ra8 {[#] ( -> ...Rh8+)} 64. g5 $1 Nxf2 65. Kg3 Ra2 66. h4 Ne4+ 67. Kg4 Rg2+ 68. Kf5 {Intending Rb7+ and mate.} Rf2+ 69. Ke5 Rh2 70. Rh6 Ng3 71. Kf4 Ne4 72. Kf5 Rh1 73. Rb6 {White wants to mate with Rb7+.} Rf1+ 74. Ke5 Rh1 75. Rb7+ Kg6 76. Rb6+ ({Resist} 76. Rxb5 $6 Rxh4 77. Rb6+ Kf7 $18) 76... Kg7 $1 77. Kxd5 (77. Rh6 $142) 77... Rxh4 78. Be7 Rg4 $2 (78... Nc3+ {is tougher.} 79. Kc6 Kf7) 79. Ke5 Nc3 (79... Ng3 $142 80. Bf6+ (80. Rxb5 Re4+ 81. Kd6 Rxd4+ 82. Ke6 Re4+ 83. Kd6 Re3 $11) 80... Kg6 81. Bd8+ Kf7 82. Rxb5 Re4+ 83. Kd5 Rg4 84. Rb7+ Kg6 85. Rb6+ Kf7) 80. Bf6+ (80. Kf5 $142 Rf4+ 81. Kxf4 Nd5+ 82. Kf5 Nxb6 83. Bf6+ Kf8 84. Ke6) 80... Kg6 81. d5 b4 82. Rb8 (82. Bd8+ $142 Kf7 83. d6) 82... Re4+ 83. Kd6 Rc4 (83... Kf5 $142 84. Kd7 Kg6) 84. Rg8+ $2 (84. Ke6 $18 Re4+ 85. Be5 Nxd5 86. Kxd5) 84... Kf5 $11 85. Rb8 Ne4+ {[#]} (85... Kg6 $1 $11 {keeps the balance.}) 86. Ke7 ({Better is} 86. Kd7 $1 $16) 86... Rc7+ {The position is equal.} 87. Kd8 Rc5 88. d6 Nxd6 89. Rxb4 Nf7+ (89... Ke6 $5 90. Rb8 $8 Nf7+ 91. Ke8 Nxg5 $11) 90. Kd7 {Precision: White = 46%, Black = 37%.} 1/2-1/2

[Event "World Junior U20 Open 2018"]
[Site "Gebze"]
[Date "2018.09.10"]
[Round "6.24"]
[White "Zou, Chen"]
[Black "Tang, Andrew"]
[Result "1-0"]
[WhiteElo "2365"]
[BlackElo "2489"]
[Annotator "TA"]
[PlyCount "75"]
[EventDate "2018.09.05"]
[EventType "swiss"]
[EventCountry "TUR"]
[SourceTitle "playchess.com"]
[Source "ChessBase"]
[SourceQuality "1"]

{[%evp 19,75,14,24,16,17,17,30,22,17,11,20,20,39,0,44,39,43,6,21,-706,-689,-1749,-1181,-1627,-97,-1697,-1565,-1501,-946,-1545,-1561,-1475,-1012,-1333,-1147,-1373,-834,-1465,-718,-1216,199,-1713,362,365,336,-275,-275,-294,-299,-656,-637,-615,-197,-1857,-233,-1069,-102,-6647]} 1. d4 d5 2. c4 e6 3. Nc3 Be7 4. Nf3 Nf6 5. Bf4 O-O 6. e3 b6 7. Rc1 Bb7 8. cxd5 {D37: Damengambit (5.Lf4)} (8. Bd3 dxc4 9. Bxc4 a6 10. O-O b5 11. Bd3 Nbd7 12. a4 b4 13. Nb1 c5 14. Nbd2 cxd4 15. Bc7 Qe8 16. exd4 {1-0 (57) Lalith,B (2575)-Melkumyan,H (2650) Abu Dhabi 2016}) 8... Nxd5 9. Nxd5 Qxd5 10. a3 c5 {LiveBook: 8 Partien} 11. dxc5 Bxc5 12. Qxd5 Bxd5 13. Bd3 a5 14. Ke2 Nd7 15. Rhd1 $146 ({Vorgänger:} 15. e4 Bb7 {1-0 (37) Socko,M (2472)-Hrabinska,M (2270) Warsaw 2015}) 15... Rfc8 16. Ne5 Nf6 17. g4 Bb3 18. Rd2 Bf8 19. Ba6 $2 {[%mdl 8192] [#]} (19. Rxc8 $11 Rxc8 20. Ba6) 19... Rxc1 $19 20. Rd8 Rc2+ 21. Kf1 h6 $2 (21... Rxd8 $19 {ist viel giftiger.} 22. Nd3 Nxg4) 22. h4 $2 {[%mdl 8192]} (22. Rxa8 $17 g5 23. Bg3) 22... Rc1+ 23. Kg2 Bd5+ 24. f3 Rc2+ 25. Kh3 Rxb2 26. g5 hxg5 27. hxg5 Nh7 28. Bd3 g6 29. e4 Bb3 $4 {[%mdl 8192] [#]} (29... Rxd8 $19 {vermeidet das Desaster.} 30. exd5 Rxd5) 30. Ng4 $4 {[%mdl 8192]} (30. Rxa8 $18 Ba4 31. Ng4) 30... Ra2 $4 {[%mdl 8192]} (30... Rxd8 $19 {und alles wird gut.} 31. Bb5 Bd1) 31. Nh6+ $18 Kg7 32. Be5+ $4 {[%mdl 8192]} (32. Rxa8 $18 {nur so kann Weiss gewinnen. zielt auf Le5+ ab.} f6 33. gxf6+ Nxf6 34. Ra7+ Kh8 35. Kh4) 32... f6 $19 33. Rd7+ Kh8 34. gxf6 $2 (34. Nf7+ Kg8 35. gxf6 Nxf6 36. Bxf6) 34... Ng5+ 35. Kg3 Rd2 $2 (35... Bxh6 36. f7+ Bg7 37. f8=Q+ Rxf8 38. Bxg7+ Kg8 39. Bxf8 Kxf8) 36. Rd8 $2 (36. f7+ Kh7 37. Ng4) 36... Kh7 $2 (36... Rxd8 37. Ba6 Bxh6) 37. Rxf8 $2 (37. Rxa8 Rxd3 38. Rxf8 Nxf3 39. Bf4) 37... Rxd3 $2 (37... Rxf8 $19 38. Bf4 Rxd3 39. Bxg5 Bd1) 38. f7 $2 {[%mdl 40960] Precision: Weiß = 41%, Schwarz = 27%. . Loss on Time!?} (38. Rxa8 $17 Nxf3 39. Bf4) 1-0

[Event "World Junior U20 Open 2018"]
[Site "Gebze"]
[Date "2018.09.10"]
[Round "6.25"]
[White "Kevlishvili, Robby"]
[Black "Philippe, Guillaume"]
[Result "0-1"]
[WhiteElo "2485"]
[BlackElo "2358"]
[Annotator "TA"]
[PlyCount "90"]
[EventDate "2018.09.05"]
[EventType "swiss"]
[EventCountry "TUR"]
[SourceTitle "playchess.com"]
[Source "ChessBase"]
[SourceQuality "1"]

{[%evp 12,90,31,17,23,-1,2,-22,-22,-19,-14,-17,-12,-31,-19,-17,-14,-14,40,40,49,45,77,64,61,63,96,33,50,41,150,108,295,54,410,76,79,75,158,123,138,128,297,60,69,57,59,45,81,60,63,0,95,0,0,-15,-18,-23,-16,-37,-22,-25,-25,-32,-12,-186,-177,-366,-371,-441,-427,-435,-435,-532,-518,-654,-645,-997,-997,-975,-963]} 1. e4 c5 2. Nc3 a6 3. g3 b5 4. Bg2 Bb7 5. Nge2 e6 6. O-O Nf6 7. d3 {LiveBook: 70 Games. B23: Closed Sicilian: Lines without g3} d6 8. Be3 Nc6 9. h3 {The position is equal.} Be7 10. f4 O-O (10... Qc7 11. Qd2 Nd7 12. a4 b4 13. Nd1 {0-1 (45) Swiercz,D (2620)-Cheparinov,I (2681) Berlin 2015}) 11. g4 Nd7 12. Ng3 Nb6 13. Nce2 a5 $146 14. g5 e5 (14... g6 $11) 15. h4 $14 exf4 16. Nxf4 Ne5 17. Nf5 Re8 18. Qe1 d5 19. Rd1 (19. Qg3 $16 {Hoping for Nxg7!} Bf8 20. Nxd5 Nxd5 21. exd5 Bxd5 22. h5) 19... Bf8 20. Qg3 Ra6 (20... d4 $14 21. Bd2 g6) 21. Nh5 dxe4 $2 {[#]} (21... d4 $16) 22. dxe4 $2 (22. Nh6+ $1 $18 {[%mdl 512]} gxh6 23. Nf6+ Kh8 24. gxh6) 22... Qa8 $2 {[%mdl 8192] [#]} ({Black should try} 22... Nbd7 $14) 23. Nd6 $2 (23. Nh6+ $1 $18 {[%mdl 512] and the rest is easy.} Kh8 (23... gxh6 24. Nf6+) 24. Nxf7+ Nxf7 25. Rxf7) 23... Bxd6 $16 24. Rxd6 Bxe4 (24... Nbd7 $142 25. Nf6+ Nxf6 26. Rxa6 (26. gxf6 g6 $16) 26... Qxa6 27. gxf6 g6) 25. Bxe4 Qxe4 26. Bxc5 Nec4 $2 (26... Na4 $16 {is a better defense.} 27. Rxa6 Nxc5) 27. Rdd1 $2 (27. Rdf6 $1 $18 {[%cal Rf6f7]} Nd2 28. Rxf7 Nxf1 29. Rxg7+ Kh8 30. Qc3 Qg4+ 31. Kxf1 Qe2+ 32. Kg1 Qg4+ 33. Kf1 (33. Ng3 $2 Nd5 $19) 33... Qe2+ 34. Kg1 Qg4+ 35. Kf1 (35. Ng3 $2 Nd5 $19)) 27... Qg6 $1 $14 {[%cal Rg6h5]} 28. Nf4 Qc6 $1 {[%cal Rc6c5]} 29. Bd4 {And now Nh5 would win.} Nd7 30. Nh5 Nce5 31. Rde1 ({White should play} 31. c3 $14 Raa8 32. Rde1) 31... Qd5 (31... Qxc2 $11 32. Bxe5 Qc5+ 33. Qe3 (33. Kh2 Rxe5 34. Rxe5 Qxe5 $15) 33... Qxe3+ 34. Rxe3 Rxe5) 32. Bxe5 (32. c3 $1 $16 {aiming for Nf6+!} Raa8 33. Re3) 32... Rxe5 $11 ({Don't go for} 32... Nxe5 $2 33. Nf6+ $1 {[%mdl 512]} Rxf6 34. gxf6 $18) 33. Rd1 Qc5+ 34. Qf2 Nf8 35. Rd4 Qe7 36. Ng3 Rae6 37. Nf5 Qc7 38. Nd6 $2 {[#]} (38. Rd2 $11) 38... f6 $1 $19 39. gxf6 $2 (39. Qd2 {was worth a try.}) 39... Rxf6 ({But not} 39... Rxd6 40. Rxd6 Qxd6 41. fxg7 $19) 40. Qd2 {Rxf6 would now be nice for White.} Rg6+ {Black is clearly winning.} 41. Kh1 {[#] Threatens to win with Rxf8+!} Ne6 $1 42. Rd3 Qe7 43. Rh3 {and the idea Nf5 leaves White hopeful.} Rf6 44. Rxf6 Qxf6 45. Kg1 {[#]} Nd4 $1 {[%mdl 512] Precision: White = 30%, Black = 49%.} 0-1